<?xml version="1.0" encoding="UTF-8"?>
<record
    xmlns:xsi="http://www.w3.org/2001/XMLSchema-instance"
    xsi:schemaLocation="http://www.loc.gov/MARC21/slim http://www.loc.gov/standards/marcxml/schema/MARC21slim.xsd"
    xmlns="http://www.loc.gov/MARC21/slim">

  <leader>01439nam0a2200349   4500</leader>
  <controlfield tag="001">RU\NLR\BIBL_A\011536262</controlfield>
  <controlfield tag="005">20260405122042.0</controlfield>
  <datafield tag="010" ind1=" " ind2=" ">
    <subfield code="a">978-5-389-12727-2</subfield>
    <subfield code="9">4000</subfield>
  </datafield>
  <datafield tag="021" ind1=" " ind2=" ">
    <subfield code="a">RU</subfield>
    <subfield code="b">2017-82238</subfield>
    <subfield code="9">5871</subfield>
  </datafield>
  <datafield tag="035" ind1=" " ind2=" ">
    <subfield code="a">(RuMoRGB)009429903</subfield>
  </datafield>
  <datafield tag="035" ind1=" " ind2=" ">
    <subfield code="a">(NLR Aleph) 011536262</subfield>
  </datafield>
  <datafield tag="090" ind1=" " ind2=" ">
    <subfield code="a">12171559</subfield>
    <subfield code="c">12171559</subfield>
  </datafield>
  <datafield tag="100" ind1=" " ind2=" ">
    <subfield code="a">20171122d2017    |||y0rusy50      ca</subfield>
  </datafield>
  <datafield tag="101" ind1="1" ind2=" ">
    <subfield code="a">rus</subfield>
    <subfield code="c">ita</subfield>
  </datafield>
  <datafield tag="102" ind1=" " ind2=" ">
    <subfield code="a">RU</subfield>
    <subfield code="a">UA</subfield>
  </datafield>
  <datafield tag="105" ind1=" " ind2=" ">
    <subfield code="a">y|||z|||000 y</subfield>
  </datafield>
  <datafield tag="200" ind1="1" ind2=" ">
    <subfield code="a">&#x41B;&#x435;&#x43E;&#x43F;&#x430;&#x440;&#x434;. &#x41D;&#x43E;&#x432;&#x435;&#x43B;&#x43B;&#x44B;</subfield>
    <subfield code="f">&#x414;&#x436;&#x443;&#x437;&#x435;&#x43F;&#x43F;&#x435; &#x422;&#x43E;&#x43C;&#x430;&#x437;&#x438; &#x434;&#x438; &#x41B;&#x430;&#x43C;&#x43F;&#x435;&#x434;&#x443;&#x437;&#x430;</subfield>
    <subfield code="g">[&#x43F;&#x435;&#x440;&#x435;&#x432;&#x43E;&#x434; &#x441; &#x438;&#x442;&#x430;&#x43B;&#x44C;&#x44F;&#x43D;&#x441;&#x43A;&#x43E;&#x433;&#x43E; &#x415;. &#x414;&#x43C;&#x438;&#x442;&#x440;&#x438;&#x435;&#x432;&#x43E;&#x439; &#x438; &#x434;&#x440;.]</subfield>
  </datafield>
  <datafield tag="210" ind1=" " ind2=" ">
    <subfield code="a">&#x421;&#x430;&#x43D;&#x43A;&#x442;-&#x41F;&#x435;&#x442;&#x435;&#x440;&#x431;&#x443;&#x440;&#x433;</subfield>
    <subfield code="c">&#x410;&#x437;&#x431;&#x443;&#x43A;&#x430;</subfield>
    <subfield code="c">&#x410;&#x437;&#x431;&#x443;&#x43A;&#x430;-&#x410;&#x442;&#x442;&#x438;&#x43A;&#x443;&#x441;</subfield>
    <subfield code="a">&#x41A;&#x438;&#x435;&#x432;</subfield>
    <subfield code="c">&#x41C;&#x430;&#x445;&#x430;&#x43E;&#x43D;-&#x423;&#x43A;&#x440;&#x430;&#x438;&#x43D;&#x430;</subfield>
    <subfield code="d">2017</subfield>
  </datafield>
  <datafield tag="215" ind1=" " ind2=" ">
    <subfield code="a">443, [3] &#x441;.</subfield>
    <subfield code="d">21</subfield>
  </datafield>
  <datafield tag="225" ind1="1" ind2=" ">
    <subfield code="a">Premium</subfield>
  </datafield>
  <datafield tag="327" ind1="1" ind2=" ">
    <subfield code="a">&#x421;&#x43E;&#x434;&#x435;&#x440;&#x436;.: &#x41B;&#x435;&#x43E;&#x43F;&#x430;&#x440;&#x434;: &#x440;&#x43E;&#x43C;&#x430;&#x43D;; &#x43D;&#x43E;&#x432;&#x435;&#x43B;&#x43B;&#x44B;: &#x412;&#x43E;&#x441;&#x43F;&#x43E;&#x43C;&#x438;&#x43D;&#x430;&#x43D;&#x438;&#x44F; &#x434;&#x435;&#x442;&#x441;&#x442;&#x432;&#x430;; &#x421;&#x447;&#x430;&#x441;&#x442;&#x44C;&#x435; &#x438; &#x437;&#x430;&#x43A;&#x43E;&#x43D;; &#x421;&#x438;&#x440;&#x435;&#x43D;&#x430;; &#x421;&#x43B;&#x435;&#x43F;&#x44B;&#x435; &#x43A;&#x43E;&#x442;&#x44F;&#x442;&#x430;</subfield>
  </datafield>
  <datafield tag="333" ind1=" " ind2=" ">
    <subfield code="a">16+</subfield>
  </datafield>
  <datafield tag="517" ind1="1" ind2=" ">
    <subfield code="a">&#x41D;&#x43E;&#x432;&#x435;&#x43B;&#x43B;&#x44B;</subfield>
  </datafield>
  <datafield tag="686" ind1=" " ind2=" ">
    <subfield code="a">&#x428;5(4&#x418;&#x442;)62-644</subfield>
    <subfield code="2">rubbk</subfield>
  </datafield>
  <datafield tag="686" ind1="1" ind2=" ">
    <subfield code="a">&#x428;6(4&#x418;&#x442;)67-440.4{&#x41B;&#x445;1609}</subfield>
  </datafield>
  <datafield tag="700" ind1=" " ind2="1">
    <subfield code="8">rus</subfield>
    <subfield code="7">ca</subfield>
    <subfield code="a">&#x422;&#x43E;&#x43C;&#x430;&#x437;&#x438; &#x434;&#x438; &#x41B;&#x430;&#x43C;&#x43F;&#x435;&#x434;&#x443;&#x437;&#x430;</subfield>
    <subfield code="b">&#x414;.</subfield>
    <subfield code="f">1896-1957</subfield>
    <subfield code="g">&#x414;&#x436;&#x443;&#x437;&#x435;&#x43F;&#x43F;&#x435;</subfield>
    <subfield code="3">RU\NLR\AUTH\7747970</subfield>
    <subfield code="9">30905</subfield>
  </datafield>
  <datafield tag="942" ind1=" " ind2=" ">
    <subfield code="c">BOOK</subfield>
  </datafield>
  <datafield tag="980" ind1=" " ind2=" ">
    <subfield code="a">NBR</subfield>
  </datafield>
  <datafield tag="980" ind1=" " ind2=" ">
    <subfield code="a">NB</subfield>
  </datafield>
  <datafield tag="995" ind1=" " ind2=" ">
    <subfield code="5">2017-11-22</subfield>
    <subfield code="a">ad</subfield>
    <subfield code="b">NLR01</subfield>
    <subfield code="c">NLR01</subfield>
    <subfield code="e">RF31</subfield>
    <subfield code="f">1-2009116</subfield>
    <subfield code="k">2017-3/32046</subfield>
    <subfield code="o">0</subfield>
    <subfield code="p">0.00</subfield>
    <subfield code="r">BOOK</subfield>
    <subfield code="s">2017332046_</subfield>
  </datafield>
  <datafield tag="995" ind1=" " ind2=" ">
    <subfield code="5">2017-11-22</subfield>
    <subfield code="a">ad</subfield>
    <subfield code="b">NLR01</subfield>
    <subfield code="c">NLR01</subfield>
    <subfield code="e">RF31</subfield>
    <subfield code="f">1-2009117</subfield>
    <subfield code="k">2017-3/32046</subfield>
    <subfield code="o">0</subfield>
    <subfield code="p">0.00</subfield>
    <subfield code="r">BOOK</subfield>
    <subfield code="s">2017332046_</subfield>
  </datafield>
</record>
